The Swiss without halos
Đã lưu trong:
| 主要作者: | |
|---|---|
| 格式: | 图书 |
| 语言: | Undetermined |
| 出版: |
New York
Columbia Univ. Press
1948
|
| 主题: | |
| 标签: |
添加标签
没有标签, 成为第一个标记此记录!
|
| Thư viện lưu trữ: | Trung tâm Học liệu Trường Đại học Cần Thơ |
|---|
| LEADER | 00526nam a2200193Ia 4500 | ||
|---|---|---|---|
| 001 | CTU_85099 | ||
| 008 | 210402s9999 xx 000 0 und d | ||
| 082 | |a 949.4 | ||
| 082 | |b H561 | ||
| 100 | |a Herold, J. Christopher | ||
| 245 | 4 | |a The Swiss without halos | |
| 245 | 0 | |c J. Christopher Herold | |
| 260 | |a New York | ||
| 260 | |b Columbia Univ. Press | ||
| 260 | |c 1948 | ||
| 650 | |a History,Civilization | ||
| 650 | |z Switzerland,Switzerland | ||
| 904 | |i Năm | ||
| 980 | |a Trung tâm Học liệu Trường Đại học Cần Thơ | ||